00787cam a22002177a 4500003000500000005001700005008004100022010001000063011001000073035001000083040000900093100003300102245016700135260004100302300003200343502007500375650002900450650003500479650002500514700003000539CHAP20220329142628.0020610d2002 mx r 00110 spa d a85868 a86840 a97380 cCHAP00aLozano Castañeda, Abuzeid.10aEvaluación de ganado F1 (Holstein-Sahiwai) en un sistéma de doble propósito en el estado de Colimac/por Abuzeid Lozano Castañeda, Luis Armando Maza Ochoa aChapingo, Méx. :bEl autor,c2002. a41 h. ;bgráfs. ; cuadros aTesis (Ing. Agr. Esp. en Zootecnia) -- UACH. Departamento de Zootecnia14aGanado HolsteinzColima.14aGanado vacunoxReproducción.14aLechexProducción.00aMaza Ochoa, Luis Armanso.